000004451 001__ 4451 000004451 005__ 20240822101117.0 000004451 022__ $$a 000004451 041__ $$aspa 000004451 245__ $$aRevista de la Real Academia de Ciencias de Zaragoza, TOMO 38 (1983) 000004451 260__ $$aZaragoza$$bAcademia de ciencias exactas, físico-químicas y naturales$$c1983 000004451 490__ $$aRevista de la Real Academia de Ciencias de Zaragoza 000004451 538__ $$aTexto completo. Available electronically via Internet 000004451 540__ $$9info:eu-repo/semantics/openAccess $a Esta obra está sujeta a una licencia de uso Creative Commons. Se permite la reproducción total o parcial, la distribución, la comunicación pública de la obra y la creación de obras derivadas, siempre que no sea con finalidades comerciales, y sempre que se reconzca la autoria de la obra original.$$uhttps://creativecommons.org/licenses/by-nc/4.0/ 000004451 710__ $$aReal Academia de Ciencias de Zaragoza 000004451 8560_ $$facz@unizar.es 000004451 8564_ $$s36425890$$uhttps://zaguan.unizar.es/record/4451/files/S2_T38_A1983.pdf 000004451 8564_ $$s11701$$uhttps://zaguan.unizar.es/record/4451/files/S2_T38_A1983.jpg?subformat=icon$$xicon 000004451 909CO $$ooai:zaguan.unizar.es:4451$$previstas$$pdriver 000004451 980__ $$aREVISTA$$bACAD_CIE 000004451 984__ $$apublic